Тирза (Запис номер 202546)
[ съкратено ]
| 000 -Лидер | |
|---|---|
| Лидер | 01195nam a2200313 a 4500 |
| 003 - Код на организацията, давaща контролен номер | |
| Код на организацията, даваща контролен номер | BLK |
| 005 - Дата и час на последна редакция | |
| Дата и час на последна редакция | 20250704092605.0 |
| 008 - Елементи от данни с фиксирана дължина | |
| Елементи с фиксирана дължина | 180411b bul|||||r ||||||| ||bul|| |
| 020 ## - Международен стандартен номер на книга ISBN | |
| ISBN | 9786191508396 |
| 040 ## - Източник на каталожния запис | |
| Код на библиотеката | BLK |
| 041 ## - Код за език | |
| Език | Български |
| Език за КДБФ | Български |
| 080 ## - УДК | |
| УДК текст | Холандска литература |
| УДК код | 821.112.5(492) |
| УДК – определител | -31 |
| УДК – код + определител | 821.112.5(492)-31 |
| 9 (RLIN) | 241083 |
| 100 ## - Редна дума - Автор | |
| Автор | Грюнберг, Арнон |
| R(LIN) | 349834 |
| 245 10 - Сведения за заглавието | |
| Заглавие | Тирза |
| Авторска отговорност | Арнон Грюнберг ; прев. от нидерл. Мария Енчева. |
| 257 ## - Страна на издаване | |
| Страна на създаване/издаване | Нидерландия (Холандия) |
| 260 ## - Област на издателските данни | |
| Място на издаване | София |
| Име на издателя | Колибри |
| Година на издаване | 2016 |
| Печатница | София : Инвестпрес |
| 300 ## - Физическа характеристика | |
| Брой страници | 493 с. |
| Размер | 20 см |
| 380 ## - Жанр | |
| Жанр | Худож. лит. |
| 490 ## - СЕРИИ (Колекции) | |
| Серия | Съвременна европейска проза |
| 500 ## - Общи забележки | |
| Обща забележка | Ориг. загл.: Tirza / Arnon Grunberg. - Биогр. данни за авт. - Бележка за преводача: с. 491 |
| 700 ## - Други автори (авторска отговорност) | |
| Друг автор | Енчева, Мария Генчева |
| 9 (RLIN) | 389437 |
| 852 ## - Местоположение | |
| Сигнатура (форматна) | Цб 286975 |
| 852 ## - Местоположение | |
| Сигнатура (форматна) | 821-31/Г 89 А |
| Отдел | Заемна - подръчен фонд |
| 856 4# - Електронен адрес и достъп | |
| Електронен формат | pdf - файл |
| 856 4# - Електронен адрес и достъп | |
| Електронен формат | pdf - файл |
| 942 ## - АРТИКУЛИ | |
| Вид на библиотечния документ | Книги |
| Скрит в OPAC | Не |
| Koha issues (borrowed), all copies | 12 |
| 944 ## - СЪЗДАВАНЕ И РЕДАКЦИЯ на ЗАПИСА | |
| Създаване/Редакция | Създаване |
| Дата на регистрацията/редакция | 08.09.2017 |
| Служител, извършил регистрацията/редакцията | 30531 |
| Номер на служител | Цветелина Шанова |
| 999 ## - СИСТЕМНИ КОНТРОЛНИ НОМЕРА | |
| Koha biblionumber | 202546 |
| Koha biblioitemnumber | 202546 |
| Код за отписване | Код за изгубен артикул | Код за повреда | Коз за рестрикции | Код за отдаване | Артикулен № | Име на библиотеката - собственик | Име на библиотеката, в която се намира в момента | Статус (Текущо местоположение) | Дата на вписване в системата | Местоположение - отдел | Цена в лева | Инвентарен номер | Систематично азбучна сигнатура | Баркод | Номер на екземпляра | Цена в евро | Служебна бележка | Служебен тип на артикула | Източник на класификационната схема |
|---|---|---|---|---|---|---|---|---|---|---|---|---|---|---|---|---|---|---|---|
| Не е изгубен | Не е повреден | без рестрикции | ползва се в читалня | 350249 | Регионална библиотека "Любен Каравелов" Русе | Регионална библиотека "Любен Каравелов" Русе | Хранилище | 2017-09-13 | Хранилище | 20.00 | 120000814684 | Цб 286975 | 120000814684 | 1 | 10.23 | Дост: Dp Вид: Д N: 30 Дата: 29.06.2017 | Книги | ||
| Не е изгубен | Не е повреден | заемане за дома | 941644 | Регионална библиотека "Любен Каравелов" Русе | Регионална библиотека "Любен Каравелов" Русе | Заемна - подръчен фонд | 2024-03-20 | Заемна - подръчен фонд | 20.00 | 120000900672 | 821-31/Г 89 А | 120000900672 | 10.23 | Книги | Universal Decimal Classification | ||||
| Не е изгубен | Не е повреден | заемане за дома | 942452 | Регионална библиотека "Любен Каравелов" Русе | Регионална библиотека "Любен Каравелов" Русе | Заемна - подръчен фонд | 2024-04-18 | Заемна - подръчен фонд | 20.00 | 120000901475 | 821-31/Г 89 А | 120000901475 | 10.23 | Книги | Universal Decimal Classification |